Região e organização espacial (Record no. 58901)

MARC details
000 -LÍDER
campo de controle de tamanho fixo 00395 a2200169 4500
001 - NÚMERO DE CONTROLE
campo de controle 58901
020 ## - ISBN - INTERNATIONAL STANDARD BOOK NUMBER
ISBN - International Standard Book Number 8508019629
040 ## - FONTE DA CATALOGAÇÃO
Instituição que transcreveu o registro Anchieta - Pituba
100 ## - ENTRADA PRINCIPAL--NOME PESSOAL
Nome pessoal Corrêa, Roberto Lobato
240 10 - TÍTULO UNIFORME
Título uniforme Região e organização espacial
Idioma da obra por
245 10 - TÍTULO
Título Região e organização espacial
300 ## - DESCRIÇÃO FÍSICA
Extensão 93
362 0# - DATAS DE PUBLICAÇÃO E/OU DESIGNAÇÃO SEQUENCIAL
Datas de publicação e/ou designação sequencial 1987
440 #1 - DECLARAÇÃO DE SÉRIE/ENTRADA ADICIONADA--TÍTULO
Título Ática
650 #4 - ASSUNTO--TERMO TÓPICO
Cabeçalho tópico ou nome geográfico Geografia e viagens
942 ## - ELEMENTOS DE ENTRADA ADICIONADOS (KOHA)
Tipo de material Koha Livros
Holdings
Situação do descarte Situação das perdas Situação física Não pode ser emprestado Biblioteca de origem Biblioteca atual Data de aquisição Total de empréstimos Número de chamada completo Código de barras Data de último acesso Data do preço efetivo Tipo de material Koha
        Colégio Anchieta - Pituba Colégio Anchieta - Pituba 21/11/2023   910 C824r COR REG 9773/PIT 21/11/2023 21/11/2023 Livros
        Colégio Anchieta - Pituba Colégio Anchieta - Pituba 21/11/2023   910 C824r COR REG 9774/PIT 21/11/2023 21/11/2023 Livros